banner-ar

دراسات فى فن التصوير العثمانى / (Record no. 65285)

MARC details
000 -الفاتح
حقل البيانات ثابتة الطول 01283nam a22002897a 4500
005 - وقت وتاريخ اخر تعامل مع التسجيلة
رقم الضبط 20240530110816.0
008 - عناصر البيانات ثابتة الطول - معلومات عامة
حقل البيانات ثابتة الطول 190626s2019 ua af |f b 000 0dara d
017 ## - رقم الايداع القانونى
رقم الايداع القانونى 2018/11251
المصدر ( الهيئة المختصة) مصر. دار الكتب
020 ## - الرقم الدولى المعيارى للكتب
الرقم الدولى المعيارى للكتاب 9789777358330
040 ## - مصدر الفهرسة
وكالة الفهرسة الأصلية EG-CaGPL
وكالة النسخ EG-CaGPL
082 04 - رقم تصنيف ديوى العشرى
رقم الطبعة 21
رقم التصنيف 709.1/
رقم المادة ح د
100 0# - المدخل الرئيسى - إسم شخصى
الإسم الشخصى حسن محمد نور عبدالنور
245 10 - بيان العنوان
العنوان دراسات فى فن التصوير العثمانى /
بيان المسئوليه,etc تاليف حسن محمد نور عبدالنور
250 ## - بيان الطبعة
بيان الطبعة ط.1
260 ## - PUBLICATION, DISTRIBUTION, ETC. (IMPRINT)
تاريخ النشر أو التوزيع 2019.
300 ## - الوصف المادى
التعداد 563 ص. :
تفاصيل ماديه اخرى للوعاء ايض ؛
أبعاد الوعاء 24 سم.
490 0# - بيان السلسلة
عنوان السلسلة اثار.
504 ## - تبصرة ببليوجرافية
تبصرة ببليوجرافية,الخ يشتمل على ارجاعات ببليوجرافية
650 07 - المدخل الاضافى بالموضوع-مصطلح موضوعى
مصدر الرأس أو المصطلح qrmak
مصطلح موضوعي الات التصوير
التقسيم الفرعي العام تاريخ
التقسيم الفرعي الزمني العصر العثمانى
650 07 - المدخل الاضافى بالموضوع-مصطلح موضوعى
مصدر الرأس أو المصطلح qrmak
مصطلح موضوعي صور الاشخاص
التقسيم الفرعي العام تاريخ
التقسيم الفرعي الزمني العصر العثمانى
650 07 - المدخل الاضافى بالموضوع-مصطلح موضوعى
مصدر الرأس أو المصطلح qrmak
مصطلح موضوعي احكام التصوير
التقسيم الفرعي العام تاريخ
التقسيم الفرعي الزمني العصر العثمانى
650 07 - المدخل الاضافى بالموضوع-مصطلح موضوعى
مصدر الرأس أو المصطلح qrmak
مصطلح موضوعي الفنون الجميلة
التقسيم الفرعي العام تاريخ
التقسيم الفرعي الزمني العصر العثمانى
650 07 - المدخل الاضافى بالموضوع-مصطلح موضوعى
مصدر الرأس أو المصطلح qrmak
مصطلح موضوعي التصوير
التقسيم الفرعي العام تجارب
التقسيم الفرعي الزمني العصر العثمانى
651 ## - المدخل الاضافى بالموضوع - اسم جغرافى
مصدر الرأس أو المصطلح qrmak
942 ## - عناصر المدخل الإضافي( كوها)
مصدر التصنيف او مخطط الترفيف Dewey Decimal Classification
Koha [default] item type كتاب
260 ## - PUBLICATION, DISTRIBUTION, ETC. (IMPRINT)
-- الاسكندرية :
-- دار الوفاء لدنيا الطباعة و النشر،
Holdings
حالة التراجع حالة الفقد حالة تلف ليس للاعارة المكان المؤقت الموقع الحالى موقع الترفيف تاريخ الاكتساب اجمالي اﻻعارات رقم الطلب الباركود تاريخ اخر مشاهدة تاريخ تفعيل السعر نوع وعاء كوها
        مكتبة القاهرة الكبرى مكتبة القاهرة الكبرى   06/26/2019   709.1/ ح د 166000 06/26/2019 06/26/2019 كتاب

Powered By

EGPV